000 00341nam a2200145Ia 4500
008 230718s9999 xx 000 0 und d
041 _aEng.
082 _a340.52
_bNAY-I
100 _aNayzee 7 Imran Chan
245 0 _aIslamic law of basing
260 _aPakistan
_bSweet and Moxual
_c1857
300 _a347
650 _aLaw
999 _c29029
_d29029